01990 2200301 4500001002100000005001500021035002000036007000300056008004100059020002200100100002600122245011600148250001000264260003400274300002600308520110100334082001101435084001801446650003201464990002401496990002401520990002401544990002401568990002401592990002401616990002401640990002401664INLIS00000000001095920230221030344 a0010-0223000057ta230221 0 ind  a978-623-372-704-40 aArtha Debora Silalahi1 aKonfigurasi Kelembagaan BPKP dan BPK :bdalam Sistem Ketatanegaraan Republik Indonesia /cArtha Debora Silalahi aCet.1 aDepok :bRajawali Pers,c2022 axix, 184 hlm ;c23 cm aBuku ini hendak menegaskan bahwa tugas, fungsi, dan kewenangan yang dimiliki oleh BPKP sebagai lembaga pengawas internal pemerintah dalam suatu kondisi tertentu masih sering disamakan dengan tugas, fungsi, dan kewenangan yang dimiliki oleh BPK RI sebagai lembaga pemeriksa eksternal. Kondisi demikian mengharuskan perlunya kajian mendalam secara kelembagaan berkenaan dengan konfigurasi kelembagaan kedua lembaga, mencakup keberadaan, keberfungsian, dan kesalingterkaitan keduanya dalam sistem ketatanegaraan negara Republik Indonesia. Setiap penjelasan dalam buku ini dikupas dengan model membandingkan ragam instrumen hukum yang diberlakukan pada masa sebelum dan setelah perubahan UUD NRI 1945, yang mengatur secara eksplisit kedudukan, tugas, fungsi, dan kewenangan BPK RI sebagai lembaga pemeriksa eksternal keuangan negara yang bertanggung jawab kepada DPR RI (parlemen), serta instrumen hukum Peraturan Presiden yang mengatur kedudukan, tugas, fungsi, dan kewenangan BPKP sebagai lembaga pengawas internal yang berhubungan dan bertanggung jawab langsung kepada Presiden Republik Indonesia. a352.43 a352.43 ART k 4aBadan Pengawas Keuangan/BPK a27203/MKRI-P/I-2023 a27174/MKRI-P/I-2023 a27174/MKRI-P/I-2023 a27203/MKRI-P/I-2023 a27203/MKRI-P/I-2023 a27174/MKRI-P/I-2023 a27203/MKRI-P/I-2023 a27174/MKRI-P/I-2023